[Event "Ostrava Seniors op"]
[Site "Ostrava"]
[Date "2014.05.01"]
[Round "6"]
[White "Spala, Jiri"]
[Black "Sipl, Frantisek"]
[Result "1/2-1/2"]
[WhiteElo "1000"]
[BlackElo "1836"]
[PlyCount "26"]
[EventDate "2014.04.26"]
[EventType "swiss"]
[EventRounds "9"]
[EventCountry "CZE"]
[SourceTitle "CBM 160 Extra"]
[Source "ChessBase"]
[SourceDate "2014.07.01"]
[SourceVersion "1"]
[SourceVersionDate "2014.07.01"]
[SourceQuality "1"]

1. d4 Nf6 2. Nf3 e6 3. c4 c6 4. Nc3 d5 5. Bg5 Be7 6. e3 0-0 7. Rc1 Nbd7 8. Bd3 dxc4 9. Bxc4 Nb6 10. Bd3 Nbd5 11. 0-0 Nxc3 12. bxc3 Nd5 13. Bxe7 Qxe7 1/2-1/2

[Event "Ostrava Seniors op"]
[Site "Ostrava"]
[Date "2014.04.29"]
[Round "4"]
[White "Spala, Jiri"]
[Black "Perik, Alois"]
[Result "1-0"]
[WhiteElo "1000"]
[BlackElo "1838"]
[PlyCount "99"]
[EventDate "2014.04.26"]
[EventType "swiss"]
[EventRounds "9"]
[EventCountry "CZE"]
[SourceTitle "CBM 160 Extra"]
[Source "ChessBase"]
[SourceDate "2014.07.01"]
[SourceVersion "1"]
[SourceVersionDate "2014.07.01"]
[SourceQuality "1"]

1. d4 d5 2. Nf3 Nf6 3. c4 c6 4. Nc3 e6 5. Bg5 Be7 6. e3 Nbd7 7. Rc1 h6 8. Bh4 0-0 9. Bd3 dxc4 10. Bxc4 Nb6 11. Bd3 Nfd5 12. Bxe7 Qxe7 13. 0-0 Nxc3 14. Rxc3 Nd5 15. Rc1 Bd7 16. Ne5 Rfd8 17. Qf3 Be8 18. Qg3 Rac8 19. Ng4 Kh8 20. Qh3 Qf8 21. Bb1 f5 22. Ne5 Qf6 23. g4 Ne7 24. f4 fxg4 25. Qxg4 Nf5 26. Rf3 Rc7 27. b4 a6 28. Kh1 h5 29. Qg5 Qxg5 30. fxg5 g6 31. Rcf1 Rg7 32. Bc2 Kh7 33. Bb3 Re7 34. a4 Kg7 35. Bc2 Rb8 36. Bd3 Rc8 37. a5 Rec7 38. Kg1 Bf7 39. Kf2 Be8 40. Ke2 Kg8 41. Kd2 Kg7 42. Kc3 Bf7 43. e4 Nd6 44. Kd2 Be8 45. Rf6 Bf7 46. Ke3 Be8 47. Bc2 Bf7 48. Bb3 Re8 49. Nxf7 Nxf7 50. Bxe6 1-0

[Event "Ostrava Seniors op"]
[Site "Ostrava"]
[Date "2014.04.26"]
[Round "1"]
[White "Jancalek, Jan"]
[Black "Spala, Jiri"]
[Result "1/2-1/2"]
[WhiteElo "1783"]
[BlackElo "1000"]
[PlyCount "64"]
[EventDate "2014.04.26"]
[EventType "swiss"]
[EventRounds "9"]
[EventCountry "CZE"]
[SourceTitle "CBM 160 Extra"]
[Source "ChessBase"]
[SourceDate "2014.07.01"]
[SourceVersion "1"]
[SourceVersionDate "2014.07.01"]
[SourceQuality "1"]

1. d4 Nf6 2. c4 d6 3. Nc3 g6 4. Nf3 Bg7 5. h3 0-0 6. Bf4 Nh5 7. Bh2 c5 8. e3 Qa5 9. Be2 Nc6 10. 0-0 Nf6 11. a3 a6 12. d5 Na7 13. Qc2 Bd7 14. Ra2 b5 15. b4 Qc7 16. bxc5 Qxc5 17. Ne4 Nxe4 18. Qxe4 Bf6 19. Qd3 bxc4 20. Qxc4 Qxc4 21. Bxc4 Bb5 22. Nd2 Rfc8 23. Bxb5 Nxb5 24. Ne4 Bg7 25. a4 Nc3 26. Nxc3 Rxc3 27. Rb1 Rac8 28. Bg3 Rc1+ 29. Rxc1 Rxc1+ 30. Kh2 Bc3 31. Bh4 Kf8 32. g4 a5 1/2-1/2